000 00512cam a2200145 4500500
005 20251012010616.0
041 _afre
042 _adc
100 1 0 _aChapuis, Émilie
_eauthor
245 0 0 _aYitzhak Ben Mocha : « J’ai refusé de servir dans les territoires occupés »
260 _c2009.
500 _a78
786 0 _nPhilosophie magazine | 29 | 5 | 2009-05-01 | p. 27-27 | 1951-1787
856 4 1 _uhttps://shs.cairn.info/magazine-philosophie-magazine-2009-5-page-27?lang=fr&redirect-ssocas=7080
999 _c1519925
_d1519925